| 000 | 00878nac a22002531u 4500 | ||
|---|---|---|---|
| 010 | _a 88039365 | ||
| 020 | _a0077070844 : | ||
| 082 | 0 | 0 |
_a338.47796 _bSLE |
| 090 |
_c6795 _d6795 |
||
| 100 | _aSleight, Steve. | ||
| 245 | 1 | 0 |
_aSponsorship : _bwhat it is and how to use it / _cSteve Sleight. |
| 260 |
_aLondon ; _aNew York : _bMcGraw-Hill,c1989. _cc1989. |
||
| 300 |
_aix, 294 p. : _bill. ; _c24 cm. |
||
| 500 | _aIncludes index. | ||
| 500 | _aDistributer: Al-Ahram. | ||
| 504 | _aBibliography: p. 289-291. | ||
| 511 | _aCatalogued By: Mahitab. | ||
| 650 | 0 |
_aSports _xEconomic aspects. |
|
| 650 | 0 |
_aSports _xPublic relations. |
|
| 650 | 0 | _aCorporate sponsorship. | |
| 650 | 0 | _aMarketing. | |
| 942 |
_cBB _k338.47796SLE |
||
| 999 |
_c6795 _d6795 |
||